000 00585nam a2200181 i 4500
001 143161
003 ES-MaACL
005 20250915063055.0
007 t|
008 070214s1943 sp r ||||1| spa d
100 1 _aSerrano, Eugenia,
_d1922-1991
_9105692
245 1 3 _aEl libro de las siete damas /
_cEugenia Serrano ; [prólogo de Eugenio Montes].
260 _aMadrid :
_bCigüeña,
_c1943 (
_fArtegrafía)
300 _a215 p. :
_b7 lám. ;
_c21 cm.
700 1 _aMontes, Eugenio,
_d1897-1982
_9227206
852 _aES-MaACL
_jA-1275
_bR.19872
999 _c143161
_d143161